NBA Starting Small Forwards 2010s - Statistics

General Stats
  • This quiz has been taken 727 times
    695 since last reset
  • The average score is 229 of 300
Answer Stats
TEAM SEASON FIRST NAME LAST NAME % Correct
Cleveland 2014-15 LeBron James
99%
Cleveland 2015-16 LeBron James
99%
Cleveland 2016-17 LeBron James
99%
Cleveland 2017-18 LeBron James
99%
LA Lakers 2018-19 LeBron James
99%
LA Lakers 2019-20 LeBron James
99%
Miami 2010-11 LeBron James
99%
Miami 2011-12 LeBron James
99%
Miami 2012-13 LeBron James
99%
Miami 2013-14 LeBron James
99%
Chicago 2013-14 Jimmy Butler
98%
Chicago 2014-15 Jimmy Butler
98%
Chicago 2015-16 Jimmy Butler
98%
Chicago 2016-17 Jimmy Butler
98%
LA Clippers 2011-12 Caron Butler
98%
LA Clippers 2012-13 Caron Butler
98%
Miami 2019-20 Jimmy Butler
98%
Philadelphia 2018-19 Jimmy Butler
98%
Denver 2010-11 Carmelo Anthony
96%
New York 2011-12 Carmelo Anthony
96%
New York 2013-14 Carmelo Anthony
96%
New York 2014-15 Carmelo Anthony
96%
New York 2015-16 Carmelo Anthony
96%
New York 2016-17 Carmelo Anthony
96%
Brooklyn 2018-19 Joe Harris
96%
Brooklyn 2019-20 Joe Harris
96%
Orlando 2014-15 Tobias Harris
96%
Philadelphia 2019-20 Tobias Harris
96%
Milwaukee 2013-14 Khris Middleton
95%
Milwaukee 2017-18 Khris Middleton
95%
Milwaukee 2018-19 Khris Middleton
95%
Milwaukee 2019-20 Khris Middleton
95%
Golden State 2016-17 Kevin Durant
94%
Golden State 2017-18 Kevin Durant
94%
Golden State 2018-19 Kevin Durant
94%
Oklahoma City 2010-11 Kevin Durant
94%
Oklahoma City 2011-12 Kevin Durant
94%
Oklahoma City 2012-13 Kevin Durant
94%
Oklahoma City 2013-14 Kevin Durant
94%
Oklahoma City 2014-15 Kevin Durant
94%
Oklahoma City 2015-16 Kevin Durant
94%
LA Clippers 2019-20 Kawhi Leonard
94%
San Antonio 2012-13 Kawhi Leonard
94%
San Antonio 2013-14 Kawhi Leonard
94%
San Antonio 2014-15 Kawhi Leonard
94%
San Antonio 2015-16 Kawhi Leonard
94%
San Antonio 2016-17 Kawhi Leonard
94%
Toronto 2018-19 Kawhi Leonard
94%
Dallas 2017-18 Harrison Barnes
93%
Golden State 2012-13 Harrison Barnes
93%
Golden State 2014-15 Harrison Barnes
93%
Golden State 2015-16 Harrison Barnes
93%
LA Clippers 2014-15 Matt Barnes
93%
Memphis 2015-16 Matt Barnes
93%
Sacramento 2019-20 Harrison Barnes
93%
Chicago 2010-11 Luol Deng
93%
Chicago 2011-12 Luol Deng
93%
Chicago 2012-13 Luol Deng
93%
Cleveland 2013-14 Luol Deng
93%
LA Lakers 2016-17 Luol Deng
93%
Miami 2014-15 Luol Deng
93%
Miami 2015-16 Luol Deng
93%
Dallas 2019-20 Dorian Finney-Smith
93%
Indiana 2011-12 Paul George
93%
Indiana 2012-13 Paul George
93%
Indiana 2013-14 Paul George
93%
Indiana 2015-16 Paul George
93%
Indiana 2016-17 Paul George
93%
Oklahoma City 2017-18 Paul George
93%
Oklahoma City 2018-19 Paul George
93%
Oklahoma City 2019-20 Shai Gilgeous-Alexander
93%
Atlanta 2017-18 Taurean Prince
93%
Atlanta 2018-19 Taurean Prince
93%
Detroit 2010-11 Tayshaun Prince
93%
Detroit 2011-12 Tayshaun Prince
93%
Detroit 2012-13 Tayshaun Prince
93%
Memphis 2013-14 Tayshaun Prince
93%
Boston 2017-18 Jayson Tatum
93%
Boston 2018-19 Jayson Tatum
93%
Minnesota 2014-15 Andrew Wiggins
93%
Minnesota 2015-16 Andrew Wiggins
93%
Minnesota 2016-17 Andrew Wiggins
93%
Minnesota 2017-18 Andrew Wiggins
93%
Minnesota 2018-19 Andrew Wiggins
93%
Minnesota 2019-20 Andrew Wiggins
93%
Boston 2019-20 Gordon Hayward
92%
Utah 2011-12 Gordon Hayward
92%
Utah 2013-14 Gordon Hayward
92%
Utah 2014-15 Gordon Hayward
92%
Utah 2015-16 Gordon Hayward
92%
Utah 2016-17 Gordon Hayward
92%
Boston 2010-11 Paul Pierce
92%
Boston 2011-12 Paul Pierce
92%
Boston 2012-13 Paul Pierce
92%
LA Clippers 2015-16 Paul Pierce
92%
Washington 2014-15 Paul Pierce
92%
Brooklyn 2013-14 Joe Johnson
91%
Brooklyn 2014-15 Joe Johnson
91%
Brooklyn 2015-16 Joe Johnson
91%
Detroit 2017-18 Stanley Johnson
91%
LA Clippers 2017-18 Wesley Johnson
91%
LA Lakers 2013-14 Wesley Johnson
91%
LA Lakers 2014-15 Wesley Johnson
91%
Toronto 2011-12 James Johnson
91%
Toronto 2015-16 James Johnson
91%
Boston 2015-16 Jae Crowder
90%
Boston 2016-17 Jae Crowder
90%
Memphis 2019-20 Jae Crowder
90%
San Antonio 2018-19 DeMar DeRozan
90%
San Antonio 2019-20 DeMar DeRozan
90%
Phoenix 2013-14 P.J. Tucker
90%
Phoenix 2014-15 P.J. Tucker
90%
Phoenix 2015-16 P.J. Tucker
90%
Atlanta 2010-11 Josh Smith
88%
Atlanta 2011-12 Josh Smith
88%
Detroit 2013-14 Josh Smith
88%
Philadelphia 2012-13 Thaddeus Young
87%
Washington 2010-11 Nick Young
87%
Washington 2011-12 Nick Young
87%
Houston 2018-19 Eric Gordon
86%
Orlando 2016-17 Aaron Gordon
86%
Philadelphia 2015-16 Jerami Grant
86%
Washington 2015-16 Otto Porter
86%
Washington 2016-17 Otto Porter
86%
Washington 2017-18 Otto Porter
86%
Memphis 2010-11 Rudy Gay
85%
Memphis 2011-12 Rudy Gay
85%
Memphis 2012-13 Rudy Gay
85%
Sacramento 2013-14 Rudy Gay
85%
Sacramento 2014-15 Rudy Gay
85%
Sacramento 2015-16 Rudy Gay
85%
Sacramento 2016-17 Rudy Gay
85%
Toronto 2012-13 Rudy Gay
85%
Boston 2013-14 Jeff Green
85%
LA Lakers 2017-18 Brandon Ingram
85%
New Orleans 2019-20 Brandon Ingram
85%
Denver 2011-12 Danilo Gallinari
83%
Denver 2012-13 Danilo Gallinari
83%
Denver 2015-16 Danilo Gallinari
83%
Denver 2016-17 Danilo Gallinari
83%
LA Clippers 2018-19 Danilo Gallinari
83%
Houston 2014-15 Trevor Ariza
82%
Houston 2015-16 Trevor Ariza
82%
Houston 2016-17 Trevor Ariza
82%
Houston 2017-18 Trevor Ariza
82%
New Orleans 2010-11 Trevor Ariza
82%
New Orleans 2011-12 Trevor Ariza
82%
Portland 2019-20 Trevor Ariza
82%
Washington 2013-14 Trevor Ariza
82%
Washington 2018-19 Trevor Ariza
82%
Atlanta 2012-13 Kyle Korver
82%
Milwaukee 2015-16 Jabari Parker
82%
Milwaukee 2016-17 Jabari Parker
82%
Indiana 2017-18 Bojan Bogdanovic
81%
Indiana 2018-19 Bojan Bogdanovic
81%
Utah 2019-20 Bojan Bogdanovic
81%
New Orleans 2014-15 Tyreke Evans
81%
Sacramento 2010-11 Tyreke Evans
81%
Sacramento 2011-12 Tyreke Evans
81%
Sacramento 2012-13 Tyreke Evans
81%
Dallas 2010-11 Shawn Marion
81%
Dallas 2011-12 Shawn Marion
81%
Dallas 2012-13 Shawn Marion
81%
Dallas 2013-14 Shawn Marion
81%
Indiana 2014-15 Solomon Hill
79%
New Orleans 2016-17 Solomon Hill
79%
Phoenix 2010-11 Grant Hill
79%
New York 2012-13 Iman Shumpert
79%
Sacramento 2018-19 Iman Shumpert
79%
Charlotte 2019-20 Miles Bridges
78%
Detroit 2018-19 Bruce Brown
77%
Detroit 2019-20 Bruce Brown
77%
Brooklyn 2016-17 Rondae Hollis-Jefferson
77%
Brooklyn 2017-18 Rondae Hollis-Jefferson
77%
Atlanta 2019-20 De'Andre Hunter
76%
Cleveland 2018-19 Cedi Osman
76%
Cleveland 2019-20 Cedi Osman
76%
Memphis 2018-19 Kyle Anderson
75%
Philadelphia 2013-14 James Anderson
75%
San Antonio 2017-18 Kyle Anderson
75%
Toronto 2017-18 O.G. Anunoby
75%
Toronto 2019-20 O.G. Anunoby
75%
Dallas 2014-15 Chandler Parsons
75%
Dallas 2015-16 Chandler Parsons
75%
Houston 2011-12 Chandler Parsons
75%
Houston 2012-13 Chandler Parsons
75%
Houston 2013-14 Chandler Parsons
75%
Memphis 2016-17 Chandler Parsons
75%
Portland 2010-11 Nicolas Batum
74%
Portland 2012-13 Nicolas Batum
74%
Portland 2013-14 Nicolas Batum
74%
Portland 2014-15 Nicolas Batum
74%
Atlanta 2015-16 Kent Bazemore
74%
Atlanta 2016-17 Kent Bazemore
74%
Dallas 2016-17 Wesley Matthews
74%
Dallas 2018-19 Wesley Matthews
74%
Detroit 2015-16 Marcus Morris
74%
Detroit 2016-17 Marcus Morris
74%
New York 2019-20 Marcus Morris
74%
Phoenix 2019-20 Kelly Oubre
74%
New Orleans 2012-13 Al-Farouq Aminu
73%
New Orleans 2013-14 Al-Farouq Aminu
73%
Portland 2015-16 Al-Farouq Aminu
73%
Atlanta 2013-14 DeMarre Carroll
73%
Atlanta 2014-15 DeMarre Carroll
73%
Toronto 2016-17 DeMarre Carroll
73%
Golden State 2013-14 Andre Iguodala
73%
Philadelphia 2010-11 Andre Iguodala
73%
Philadelphia 2011-12 Andre Iguodala
73%
Orlando 2018-19 Jonathan Isaac
72%
Orlando 2019-20 Jonathan Isaac
72%
LA Lakers 2010-11 Ron Artest
71%
LA Lakers 2011-12 Ron Artest
71%
LA Lakers 2012-13 Ron Artest
71%
Denver 2017-18 Will Barton
69%
Denver 2018-19 Will Barton
69%
Denver 2019-20 Will Barton
69%
Denver 2013-14 Wilson Chandler
69%
Denver 2014-15 Wilson Chandler
69%
New York 2010-11 Wilson Chandler
69%
San Antonio 2010-11 Richard Jefferson
69%
San Antonio 2011-12 Richard Jefferson
69%
Philadelphia 2014-15 Robert Covington
67%
Philadelphia 2016-17 Robert Covington
67%
Philadelphia 2017-18 Robert Covington
67%
Orlando 2010-11 Hedo Turkoglu
67%
Orlando 2011-12 Hedo Turkoglu
67%
Boston 2014-15 Evan Turner
67%
Indiana 2019-20 T.J. Warren
67%
Phoenix 2016-17 T.J. Warren
67%
Phoenix 2017-18 T.J. Warren
67%
Phoenix 2018-19 T.J. Warren
67%
Cleveland 2010-11 Antawn Jamison
66%
New Orleans 2017-18 E'Twaun Moore
66%
New Orleans 2018-19 E'Twaun Moore
66%
Brooklyn 2012-13 Gerald Wallace
66%
Charlotte 2010-11 Gerald Wallace
66%
Portland 2011-12 Gerald Wallace
66%
New York 2017-18 Tim Hardaway Jr.
65%
Milwaukee 2014-15 Ersan Ilyasova
64%
Oklahoma City 2016-17 Andre Roberson
64%
Utah 2012-13 Marvin Williams
64%
Minnesota 2013-14 Corey Brewer
61%
Toronto 2013-14 Terrence Ross
61%
Toronto 2014-15 Terrence Ross
61%
Miami 2017-18 Josh Richardson
60%
Miami 2018-19 Josh Richardson
60%
Golden State 2019-20 Glen Robinson III
60%
Minnesota 2012-13 Andrei Kirilenko
59%
Utah 2010-11 Andrei Kirilenko
59%
LA Lakers 2015-16 Jordan Clarkson
58%
Orlando 2015-16 Evan Fournier
58%
Utah 2017-18 Joe Ingles
58%
Utah 2018-19 Joe Ingles
58%
Memphis 2014-15 Courtney Lee
57%
Milwaukee 2011-12 Shaun Livingston
56%
Houston 2019-20 Danuel House
54%
Charlotte 2018-19 Jeremy Lamb
51%
Chicago 2017-18 Justin Holiday
50%
Chicago 2018-19 Justin Holiday
50%
Sacramento 2017-18 Justin Jackson
50%
Chicago 2019-20 Tomas Satoransky
50%
Cleveland 2011-12 Omri Casspi
49%
Orlando 2012-13 Maurice Harkless
48%
Portland 2016-17 Maurice Harkless
48%
Portland 2017-18 Maurice Harkless
48%
Portland 2018-19 Maurice Harkless
48%
Charlotte 2012-13 Michael Kidd-Gilchrist
48%
Charlotte 2013-14 Michael Kidd-Gilchrist
48%
Charlotte 2014-15 Michael Kidd-Gilchrist
48%
Charlotte 2016-17 Michael Kidd-Gilchrist
48%
Charlotte 2017-18 Michael Kidd-Gilchrist
48%
Houston 2010-11 Kevin Martin
46%
Memphis 2017-18 Jarell Martin
46%
LA Clippers 2016-17 Luc Mbah a Moute
45%
Milwaukee 2012-13 Luc Mbah a Moute
45%
New York 2018-19 Kevin Knox
42%
Brooklyn 2011-12 DeShawn Stevenson
40%
LA Clippers 2013-14 Jared Dudley
39%
Phoenix 2011-12 Jared Dudley
39%
Phoenix 2012-13 Jared Dudley
39%
Golden State 2010-11 Dorell Wright
39%
Golden State 2011-12 Dorell Wright
39%
Orlando 2013-14 Aron Afflalo
34%
Miami 2016-17 Rodney McGruder
29%
Washington 2019-20 Isaac Bonga
27%
Minnesota 2010-11 Michael Beasley
26%
Cleveland 2012-13 Alonzo Gee
25%
Charlotte 2011-12 Corey Maggette
24%
Orlando 2017-18 Jonathan Simmons
23%
Detroit 2014-15 Kyle Singler
22%
Minnesota 2011-12 Martell Webster
21%
Washington 2012-13 Martell Webster
21%
New Orleans 2015-16 Dante Cunningham
20%
Milwaukee 2010-11 John Salmons
17%
Indiana 2010-11 Mike Dunleavy
16%
Brooklyn 2010-11 Travis Outlaw
13%
Charlotte 2015-16 P.J. Hairston
9%
Toronto 2010-11 Sonny Weems
9%
LA Clippers 2010-11 Ryan Gomes
5%
No matching quizzes found
Score Distribution
Percent of People with Each Score
Percentile by Number Answered
Your Score History
You have not taken this quiz since the last reset